000 00732nam a2200229Ia 4500
001 8803
003 GE_BSU
008 181216s||||||||xx |||||||||||||| ||und||
040 _cGE_BSU
080 _a821.353.1-31
100 _aკალანდაძე, ალექსანდრე
245 _aგარდამოხსნა
245 _bრომანი.
245 _cრედ.: ირ.არაბული;მხატვ:ლ.ღვინჯილია
260 _aთბილისი.
260 _bსაბჭ. საქართველო.
260 _c1982
300 _a627გვ;ილ;20სმ.
653 _aგარდამოხსნა
653 _aრომანი
942 _cBK
999 _c42112
_d42112